<?xml version='1.0' encoding='UTF-8'?>
  <record xmlns="http://www.loc.gov/MARC21/slim">
    <leader>00000cam a2200000 i 4500</leader>
    <controlfield tag="001">ocm65292347</controlfield>
    <controlfield tag="003">OCoLC</controlfield>
    <controlfield tag="005">20250227033205.1</controlfield>
    <controlfield tag="008">900616s1839    ne            000 0 dut d</controlfield>
    <datafield tag="040" ind1=" " ind2=" ">
      <subfield code="a">NLGGC</subfield>
      <subfield code="b">dut</subfield>
      <subfield code="e">fobidrtb</subfield>
      <subfield code="c">NLGGC</subfield>
      <subfield code="d">OCLCL</subfield>
      <subfield code="d">OCLCQ</subfield>
    </datafield>
    <datafield tag="029" ind1="0" ind2=" ">
      <subfield code="a">NLGGC</subfield>
      <subfield code="b">062937995</subfield>
    </datafield>
    <datafield tag="035" ind1=" " ind2=" ">
      <subfield code="a">(OCoLC)65292347</subfield>
    </datafield>
    <datafield tag="245" ind1="0" ind2="0">
      <subfield code="a">Catalogus van eene uitgebreide verzameling schilderijen, door beroemde oude en hedendaagsche meesters, mitsgaders van gekleurde en ongekleurde teekeningen, prenten en prentwerken, bijeenverzameld en nagelaten door den Heer Dr. Jan Bleuland, ..., welke verkocht zullen worden ten overstaan van den notaris Hendrik van Ommeren, ten huize van den overledenen binnen Utrecht, in de Heerestraat, Wijk A, No. 1172, op Maandag den 6 Mei 1839, en volgende dagen, onder direktie van de kunstschilders A. en A. J. Lamme.</subfield>
    </datafield>
    <datafield tag="246" ind1="3" ind2=" ">
      <subfield code="a">Catalogus der uitgebreide verzameling van schilderijen , teekeneningen, enz. nagelaten door den Heer Professor Jan Bleuland, te UtrechtMAG</subfield>
    </datafield>
    <datafield tag="260" ind1=" " ind2=" ">
      <subfield code="a">Te Utrecht :</subfield>
      <subfield code="b">ter Drukkerije van de Wed. P.Muntendam &amp; Zoon,</subfield>
      <subfield code="c">1839.</subfield>
    </datafield>
    <datafield tag="300" ind1=" " ind2=" ">
      <subfield code="a">VI, 131 p. ;</subfield>
      <subfield code="c">21 cm.</subfield>
    </datafield>
    <datafield tag="336" ind1=" " ind2=" ">
      <subfield code="a">tekst</subfield>
      <subfield code="b">txt</subfield>
      <subfield code="2">rdacontent/dut</subfield>
    </datafield>
    <datafield tag="337" ind1=" " ind2=" ">
      <subfield code="a">zonder medium</subfield>
      <subfield code="b">n</subfield>
      <subfield code="2">rdamedia/dut</subfield>
    </datafield>
    <datafield tag="338" ind1=" " ind2=" ">
      <subfield code="a">band</subfield>
      <subfield code="b">nc</subfield>
      <subfield code="2">rdacarrier/dut</subfield>
    </datafield>
    <datafield tag="500" ind1=" " ind2=" ">
      <subfield code="a">Omslagtitel: Catalogus der uitgebreide verzameling van schilderijen , teekeneningen, enz. nagelaten door den Heer Professor Jan Bleuland, te UtrechtMAG.</subfield>
    </datafield>
    <datafield tag="600" ind1="1" ind2="4">
      <subfield code="a">Bleuland, Jan.</subfield>
    </datafield>
    <datafield tag="700" ind1="1" ind2=" ">
      <subfield code="a">Bleuland, Jan.</subfield>
    </datafield>
    <datafield tag="758" ind1=" " ind2=" ">
      <subfield code="a">Catalogus van eene uitgebreide verzameling schilderijen, door beroemde oude en hedendaagsche meesters, mitsgaders van gekleurde en ongekleurde teekeningen, prenten en prentwerken, bijeenverzameld en nagelaten door den Heer Dr. Jan Bleuland, ..., welke verkocht zullen worden ten overstaan van den notaris Hendrik van Ommeren, ten huize van den overledenen binnen Utrecht, in de Heerestraat, Wijk A, No. 1172, op Maandag den 6 Mei 1839, en volgende dagen, onder direktie van de kunstschilders A. en A. J. Lamme (Text)</subfield>
      <subfield code="1">https://id.oclc.org/worldcat/entity/E39PCXP3YvFTQkwBkF737XD47b</subfield>
      <subfield code="4">https://id.oclc.org/worldcat/ontology/hasWork</subfield>
    </datafield>
    <datafield tag="776" ind1="0" ind2=" ">
      <subfield code="t">Catalogus van eene uitgebreide verzameling schilderijen, door beroemde oude en hedendaagsche meesters, mitsgaders van gekleurde en ongekleurde teekeningen, prenten en prentwerken, bijeenverzameld en nagelaten door den Heer Dr. Jan Bleuland, ..., welke verkocht zullen worden ten overstaan van den notaris Hendrik van Ommeren, ten huize van den overledenen binnen Utrecht, in de Heerestraat, Wijk A, No. 1172, op Maandag den 6 Mei 1839, en volgende dagen, onder direktie van de kunstschilders A. en A. J. Lamme</subfield>
      <subfield code="w">(NL-LeOCL)425985555</subfield>
    </datafield>
    <datafield tag="936" ind1=" " ind2=" ">
      <subfield code="a">BATCHLOAD</subfield>
    </datafield>
  </record>